Visualizzazione normale
Vista MARC
- con il commento di Armiento Mimmo
di Personal Name
Records bibliografici associati: 1
001 - CONTROL NUMBER
- control field: 59916
003 - CONTROL NUMBER IDENTIFIER
- control field:
005 - DATE AND TIME OF LATEST TRANSACTION
- control field: 20230418115241.0
008 - FIXED-LENGTH DATA ELEMENTS
- fixed length control field: 230418|| aca||aabn | a|a d
040 ## - CATALOGING SOURCE
- Original cataloging agency:
- Transcribing agency:
100 ## - HEADING--PERSONAL NAME
- Personal name: con il commento di Armiento Mimmo
670 ## - SOURCE DATA FOUND
- Source citation: Work cat.: ()359677: Papa Francesco 59914, Essere famiglia. , 2022